LEADER 01152nas a2200241 i 4500 001 000000178767 003 CaOOAMICUS 005 20090806000000.0 008 090112b2008 it uu u0 0ita r 013 $a156341 040 $aSeMil$bita 245 10$a2008 : 2. 260 $aRoma :$bVivere In,$c2008. 300 $aP. [291]-596, [8] p. ;$c23 cm. 500 $aContiene [inserto periodico] : Facoltą Teologica Pugliese, Vita dell'Istituto Teologico Pugliese «Regina Apuliae», Anno Accademico 2008-2009, Notiziario aprile 2008-settembre 2008, Numero 35. 773 0 $tRivista di Scienze Religiose.$dRoma : Vivere In, 1987.$w()2845 774 0 $t[vedi periodico].$w()270821 774 0 $tFacoltą Teologica Pugliese, Vita dell'Istituto Teologico Pugliese «Regina Apuliae», Anno Accademico 2008-2009, Notiziario aprile 2008-settembre 2008, Numero 35. - [8] p.$w()270822 850 $aSeMil 852 $aSeMil$W1$xVenegono$y1$m244 2 35$j129537$B129537$CSeMilBibl$Z2$F143585 $85 961 $aCambio: Scuola Cattolica 996 $6245$a2008 : 2$9(OLS)http://semarc/title/252108 996 $6260$aRoma :$bVivere In$9(OLS)http://semarc/publisher/30924 LEADER 01464nam a2200253 i 4500 001 000000027245 003 CaOOAMICUS 005 20260428094326.0 008 180830s1820 it u000 u lat u 040 $aSeMil$bita 100 1 $aCaesar, Gaius Iulius,$d.$0(OLS)http://semarc/name/8120 245 10$aC. Julii Caesaris itemque Auli Hirtii Quae extant omnia recensita et illustrata cura et studio Joannis Baptistae Giani .. 260 $aMediolani :$bTypis Nicolai Bettoni,$c1820. 300 $a3 v. ;$c4°. 490 1 $aClassicorum Latinorum nova editio cum notis et commentariis 774 0 $tVolumen 1.$dBrixiae : Typis Nicolai Bettoni, 1820.$kClassicorum Latinorum nova editio cum notis et commentariis$g1$w()215310 774 0 $tVolumen 2.$dBrixiae : Typis Nicolai Bettoni, 1820.$kClassicorum Latinorum nova editio cum notis et commentariis$g2$w()215311 774 0 $tVolumen 3.$dBrixiae : Typis Nicolai Bettoni, 1820.$kClassicorum Latinorum nova editio cum notis et commentariis$g3$w()215312 830 0$aClassicorum Latinorum nova editio cum notis et commentariis.$0(OLS)http://semarc/title/35293 900 0 $aGiulio Cesare. 996 $6245$aC. Julii Caesaris itemque Auli Hirtii Quae extant omnia recensita et illustrata cura et studio Joannis Baptistae Giani ..$9(OLS)http://semarc/title/36864 996 $6260$aMediolani :$bTypis Nicolai Bettoni$9(OLS)http://semarc/publisher/36740